<?xml version="1.0" encoding="UTF-8"?>
<record
    xmlns:xsi="http://www.w3.org/2001/XMLSchema-instance"
    xsi:schemaLocation="http://www.loc.gov/MARC21/slim http://www.loc.gov/standards/marcxml/schema/MARC21slim.xsd"
    xmlns="http://www.loc.gov/MARC21/slim">

  <leader>00801    a2200157   4500</leader>
  <controlfield tag="001">122309</controlfield>
  <datafield tag="040" ind1=" " ind2=" ">
    <subfield code="c">Escola Canadense de Niteroi</subfield>
  </datafield>
  <datafield tag="090" ind1=" " ind2=" ">
    <subfield code="a">OLI-I1</subfield>
  </datafield>
  <datafield tag="100" ind1=" " ind2=" ">
    <subfield code="a">Oliveira, Santos </subfield>
  </datafield>
  <datafield tag="245" ind1="1" ind2="0">
    <subfield code="a">A Inspetora e a Mula-sem-Cabe&#xE7;a</subfield>
  </datafield>
  <datafield tag="260" ind1=" " ind2=" ">
    <subfield code="a">Rio de Janeiro</subfield>
  </datafield>
  <datafield tag="362" ind1="0" ind2=" ">
    <subfield code="a">1974</subfield>
  </datafield>
  <datafield tag="520" ind1=" " ind2=" ">
    <subfield code="a">Um bicho preto, sem cabe&#xE7;a, expelindo fogo, corria pelos campos da fazenda, roubando as galinhas de V&#xF3; Padroeira. A Patota da Coruja de Papel&#xE3;o, liderada pela Inspetora, munida de lanterna, f&#xF3;sforo, um pouco de sal grosso, &#xE1;lcool e um crucifixo de chumbo, decide enfrentar a tem&#xED;vel Mula-sem-Cabe&#xE7;a. Para isso, passam a noite na Caverna do Morto, onde, &#xE0; meia-noite, ouvem gemidos, cacarejos e gritos ensurdecedores vindos do fundo da caverna.</subfield>
  </datafield>
  <datafield tag="650" ind1=" " ind2="4">
    <subfield code="a">A&#xE7;&#xE3;o ou Aventura </subfield>
  </datafield>
  <datafield tag="942" ind1=" " ind2=" ">
    <subfield code="c">BK</subfield>
  </datafield>
  <datafield tag="952" ind1=" " ind2=" ">
    <subfield code="0">0</subfield>
    <subfield code="1">0</subfield>
    <subfield code="4">0</subfield>
    <subfield code="7">0</subfield>
    <subfield code="a">80.1</subfield>
    <subfield code="b">80.1</subfield>
    <subfield code="d">2024-02-09</subfield>
    <subfield code="l">0</subfield>
    <subfield code="o">OLI-I1</subfield>
    <subfield code="p">A13351</subfield>
    <subfield code="r">2024-02-09 21:18:15</subfield>
    <subfield code="w">2024-02-09</subfield>
    <subfield code="y">BK</subfield>
  </datafield>
  <datafield tag="999" ind1=" " ind2=" ">
    <subfield code="c">122309</subfield>
    <subfield code="d">122309</subfield>
  </datafield>
</record>
